000 00747cam a2200217 4500
001 ##L134653
008 060822n2003 000 0 eng u
020 _a0860178862
035 _a(Sirsi) u134653
041 0 _aeng
050 0 4 _a620.135 $2 18
100 1 _aLord, J. A.
245 0 0 _aShaft friction of CFA piles in chalk
260 _aLondon
_bCIRIA
_c2003
300 _a62p.
_bill.
_c30cm.
490 0 _aCIRIA Project Report
_v86
520 _aPresents the results of research into design aspects of continuous flight augered piles in chalk and identifies areas where potential cost savings can be made by the piling industry.
590 _aIKA220806
690 _aBUILT ENVIRONMENT-ENGINEERING-CIVIL ENGINEERING-PILING
942 _n0
999 _c105759
_d105759